[Event "Mecklenburg VP Verbandsliga 1920"]
[Site "Mecklenburg VP"]
[Date "2019.12.08"]
[Round "4.4"]
[White "Wandel, Bernd"]
[Black "Junggebauer, Thomas"]
[Result "1-0"]
[WhiteElo "2064"]
[BlackElo "2000"]
[PlyCount "95"]
[EventDate "2019.09.29"]
[EventType "team-tourn"]
[EventRounds "9"]
[EventCountry "GER"]
[SourceTitle "EXT 2023"]
[Source "ChessBase"]
[SourceDate "2022.10.05"]
[SourceVersion "1"]
[SourceVersionDate "2022.10.05"]
[SourceQuality "1"]
[WhiteTeam "Schwerin SF II"]
[BlackTeam "Wismar ASV Gruen-Weiss"]
[WhiteTeamCountry "GER"]
[BlackTeamCountry "GER"]

1. d4 e6 2. c4 b6 3. Nf3 Nf6 4. Bg5 Bb7 5. e3 Bb4+ 6. Nbd2 0-0 7. a3 Bxd2+ 8. Nxd2 d6 9. Bd3 Nbd7 10. 0-0 e5 11. Bf5 Qe8 12. Re1 h6 13. Bh4 g6 14. Bc2 Qe6 15. f3 Kg7 16. d5 Qe8 17. Ba4 Qc8 18. f4 c6 19. Bxf6+ Nxf6 20. fxe5 dxe5 21. Rc1 Qc7 22. Qf3 Rfc8 23. e4 Ne8 24. b4 c5 25. Qg3 Qe7 26. Bxe8 Rxe8 27. Qc3 Bc8 28. Re3 Kh7 29. Rce1 Qd6 30. h3 Re7 31. Nf3 Bd7 32. bxc5 bxc5 33. Rb1 Rb8 34. Rxb8 Qxb8 35. Qa5 Qd6 36. Qxa7 Bxh3 37. Qa5 Bg4 38. Rb3 Bxf3 39. gxf3 Qf6 40. Qd2 Qa6 41. Qd3 Ra7 42. Rb5 Qc8 43. Kg2 Qa8 44. Qc3 Rxa3 45. Qxe5 Qd8 46. Rb8 Qg5+ 47. Qxg5 hxg5 48. Rb5 1-0

[Event "Mecklenburg VP Verbandsliga 1920"]
[Site "Mecklenburg VP"]
[Date "2019.11.24"]
[Round "3.6"]
[White "Kohn, Andreas"]
[Black "Wandel, Bernd"]
[Result "0-1"]
[WhiteElo "1958"]
[BlackElo "2064"]
[PlyCount "54"]
[EventDate "2019.09.29"]
[EventType "team-tourn"]
[EventRounds "9"]
[EventCountry "GER"]
[SourceTitle "EXT 2023"]
[Source "ChessBase"]
[SourceDate "2022.10.05"]
[SourceVersion "1"]
[SourceVersionDate "2022.10.05"]
[SourceQuality "1"]
[WhiteTeam "Stralsund HSG"]
[BlackTeam "Schwerin SF II"]
[WhiteTeamCountry "GER"]
[BlackTeamCountry "GER"]

1. e4 c6 2. d4 d5 3. Nc3 dxe4 4. Nxe4 Nf6 5. Nxf6+ gxf6 6. Nf3 Bf5 7. Bc4 e6 8. Bf4 Rg8 9. Qe2 Rg4 10. g3 Bd6 11. h3 Rg8 12. Bxd6 Qxd6 13. g4 Bg6 14. 0-0-0 Qf4+ 15. Nd2 Nd7 16. Bxe6 0-0-0 17. Bxd7+ Rxd7 18. c3 c5 19. Qe3 Qc7 20. Nb3 Re7 21. Qg3 Qc6 22. Nxc5 Re2 23. Nd3 Rge8 24. Rhf1 Qe6 25. b3 Qa6 26. Rd2 Rxd2 27. Kxd2 Qxa2+ 0-1

[Event "Mecklenburg VP Verbandsliga 1920"]
[Site "Mecklenburg VP"]
[Date "2019.10.20"]
[Round "2.3"]
[White "Bauer, Norbert"]
[Black "Wandel, Bernd"]
[Result "1-0"]
[WhiteElo "2054"]
[BlackElo "2064"]
[PlyCount "93"]
[EventDate "2019.09.29"]
[EventType "team-tourn"]
[EventRounds "9"]
[EventCountry "GER"]
[SourceTitle "EXT 2023"]
[Source "ChessBase"]
[SourceDate "2022.10.05"]
[SourceVersion "1"]
[SourceVersionDate "2022.10.05"]
[SourceQuality "1"]
[WhiteTeam "Torgelow"]
[BlackTeam "Schwerin SF II"]
[WhiteTeamCountry "GER"]
[BlackTeamCountry "GER"]

1. d4 Nf6 2. c4 g6 3. Nc3 Bg7 4. e4 d6 5. Be2 0-0 6. Bg5 Nbd7 7. Qd2 e5 8. d5 Nc5 9. f3 a6 10. b4 Ncd7 11. a3 a5 12. Rc1 b6 13. Nh3 Nb8 14. Nf2 Na6 15. Nd3 h6 16. Be3 axb4 17. axb4 Kh7 18. 0-0 Ng8 19. c5 bxc5 20. bxc5 f5 21. Ra1 Rb8 22. c6 Qe7 23. Ra4 Nf6 24. Qa2 fxe4 25. fxe4 Nc5 26. Nxc5 dxc5 27. Rc4 Ng4 28. Bxc5 Rxf1+ 29. Bxf1 Qg5 30. Nd1 Nxh2 31. Kxh2 Qh5+ 32. Kg1 Qxd1 33. Qc2 Rb1 34. Qxd1 Rxd1 35. Ra4 Bg4 36. Kf2 h5 37. Be3 Bf8 38. Be2 Bxe2 39. Kxe2 Rb1 40. Ra7 Bd6 41. Rb7 Rb4 42. Kd3 Ra4 43. Bb6 Kh6 44. Bxc7 Rd4+ 45. Kc3 Bxc7 46. Rxc7 Rxe4 47. d6 1-0

[Event "Mecklenburg VP VL1819"]
[Site "Mecklenburg VP"]
[Date "2019.04.07"]
[Round "9.6"]
[White "Troemer, Felix"]
[Black "Wandel, Bernd"]
[Result "0-1"]
[WhiteElo "1808"]
[BlackElo "2036"]
[PlyCount "46"]
[EventDate "2018.10.21"]
[EventType "team-tourn"]
[EventRounds "9"]
[EventCountry "GER"]
[SourceTitle "EXT 2022"]
[Source "ChessBase"]
[SourceDate "2021.10.06"]
[SourceVersion "1"]
[SourceVersionDate "2021.10.06"]
[SourceQuality "1"]
[WhiteTeam "Torgelow Droegeheide"]
[BlackTeam "Schwerin SF II"]
[WhiteTeamCountry "GER"]
[BlackTeamCountry "GER"]

1. e4 c6 2. d4 d5 3. e5 c5 4. c3 Nc6 5. Be2 Bf5 6. Nf3 e6 7. Nbd2 cxd4 8. cxd4 Nge7 9. 0-0 Ng6 10. Nb3 Be7 11. Bd2 Qb6 12. Bc3 0-0 13. Qd2 a5 14. Ne1 a4 15. Nc1 Ngxe5 16. dxe5 d4 17. Bxd4 Nxd4 18. Bd3 Rfd8 19. Ne2 Ra5 20. Nxd4 Rxd4 21. Qe2 Bxd3 22. Nxd3 Rad5 23. Rfd1 Qd8 0-1

[Event "Mecklenburg VP VL1819"]
[Site "Mecklenburg VP"]
[Date "2019.02.24"]
[Round "6.5"]
[White "Wandel, Bernd"]
[Black "Schmidt, Reinhard"]
[Result "1-0"]
[WhiteElo "2036"]
[BlackElo "1777"]
[PlyCount "33"]
[EventDate "2018.10.21"]
[EventType "team-tourn"]
[EventRounds "9"]
[EventCountry "GER"]
[SourceTitle "EXT 2022"]
[Source "ChessBase"]
[SourceDate "2021.10.06"]
[SourceVersion "1"]
[SourceVersionDate "2021.10.06"]
[SourceQuality "1"]
[WhiteTeam "Schwerin SF II"]
[BlackTeam "Warnemuende SF Ostsee"]
[WhiteTeamCountry "GER"]
[BlackTeamCountry "GER"]

1. d4 Nf6 2. c4 e5 3. dxe5 Ne4 4. Nf3 b6 5. Nbd2 Bb7 6. a3 d6 7. Nxe4 Bxe4 8. Bf4 d5 9. Ng5 Bf5 10. cxd5 h6 11. Nf3 g5 12. Bg3 Bg7 13. e4 Bd7 14. Nd4 a5 15. Nf5 Bxf5 16. exf5 Qe7 17. Bb5+ 1-0

[Event "Mecklenburg VP VL1819"]
[Site "Mecklenburg VP"]
[Date "2018.11.11"]
[Round "2.7"]
[White "Schulze, Christoph"]
[Black "Wandel, Bernd"]
[Result "0-1"]
[WhiteElo "1641"]
[BlackElo "2036"]
[PlyCount "109"]
[EventDate "2018.10.21"]
[EventType "team-tourn"]
[EventRounds "9"]
[EventCountry "GER"]
[SourceTitle "EXT 2022"]
[Source "ChessBase"]
[SourceDate "2021.10.06"]
[SourceVersion "1"]
[SourceVersionDate "2021.10.06"]
[SourceQuality "1"]
[WhiteTeam "Rostock SSC 07"]
[BlackTeam "Schwerin SF II"]
[WhiteTeamCountry "GER"]
[BlackTeamCountry "GER"]

1. e4 c6 2. d4 d5 3. Nc3 dxe4 4. Nxe4 Nf6 5. Nxf6+ gxf6 6. Nf3 Bf5 7. Bd3 Bg6 8. Bf4 e6 9. Bxg6 hxg6 10. Qd2 Bd6 11. 0-0-0 Qc7 12. Bg3 Nd7 13. Kb1 0-0-0 14. Bxd6 Qxd6 15. Qa5 Kb8 16. c4 Qf4 17. Rhe1 Nb6 18. Qb4 Qg4 19. Re3 e5 20. h3 Qf5+ 21. Ka1 Qc2 22. Qb3 Qxb3 23. axb3 Rd7 24. Re2 Rhd8 25. Red2 e4 26. Nh2 f5 27. Kb1 Na8 28. Kc2 Nc7 29. g3 Ne6 30. Kc3 Ng5 31. h4 e3 32. fxe3 Ne4+ 33. Kd3 Nxd2 34. Rxd2 f6 35. Nf3 Re7 36. Re2 Rde8 37. Kd2 Kc7 38. Ne1 Kd6 39. Nd3 g5 40. hxg5 fxg5 41. Ne5 Rh7 42. Rf2 Rxe5 43. dxe5+ Kxe5 44. Rg2 g4 45. Kd3 c5 46. Rg1 a5 47. Re1 Rh3 48. Rg1 Rh2 49. Rd1 Rg2 50. Kc3 Rxg3 51. Rd5+ Ke6 52. Kd3 f4 53. Ke4 f3 54. Rxc5 f2 55. Re5+ 0-1

[Event "Mecklenburg VP VL 1516"]
[Site "Mecklenburg VP"]
[Date "2016.04.24"]
[Round "9.3"]
[White "Wandel, Bernd"]
[Black "Luther, Alexander"]
[Result "0-1"]
[WhiteElo "2023"]
[BlackElo "1961"]
[PlyCount "64"]
[EventDate "2015.09.20"]
[EventType "team-tourn"]
[EventRounds "9"]
[EventCountry "GER"]
[SourceTitle "EXT 2022"]
[Source "ChessBase"]
[SourceDate "2021.10.06"]
[SourceVersion "1"]
[SourceVersionDate "2021.10.06"]
[SourceQuality "1"]
[WhiteTeam "Schwerin SF III"]
[BlackTeam "Guestrow/Teterow"]
[WhiteTeamCountry "GER"]
[BlackTeamCountry "GER"]

1. d4 d5 2. c4 e6 3. Nc3 Nf6 4. Nf3 b6 5. cxd5 Nxd5 6. e4 Nxc3 7. bxc3 Be7 8. Bb5+ c6 9. Bd3 0-0 10. 0-0 Bb7 11. Qc2 Nd7 12. e5 h6 13. Bh7+ Kh8 14. Be4 Qc7 15. Be3 c5 16. Bxb7 Qxb7 17. Qb3 Rac8 18. Rfd1 c4 19. Qc2 b5 20. Rab1 a5 21. Nd2 Qc6 22. Rdc1 Nb6 23. Qe4 b4 24. Qxc6 Rxc6 25. Ne4 Nd5 26. Kf1 Rb8 27. cxb4 axb4 28. Bd2 Ra8 29. Nd6 Bxd6 30. exd6 c3 31. d7 Rc7 32. a3 Rxd7 0-1

[Event "Mecklenburg VP VL 1516"]
[Site "Mecklenburg VP"]
[Date "2016.03.13"]
[Round "7.3"]
[White "Wandel, Bernd"]
[Black "Schmekel, Florian"]
[Result "0-1"]
[WhiteElo "2023"]
[BlackElo "1929"]
[PlyCount "98"]
[EventDate "2015.09.20"]
[EventType "team-tourn"]
[EventRounds "9"]
[EventCountry "GER"]
[SourceTitle "EXT 2022"]
[Source "ChessBase"]
[SourceDate "2021.10.06"]
[SourceVersion "1"]
[SourceVersionDate "2021.10.06"]
[SourceQuality "1"]
[WhiteTeam "Schwerin SF III"]
[BlackTeam "Torgelow Droegeheide"]
[WhiteTeamCountry "GER"]
[BlackTeamCountry "GER"]

1. d4 Nf6 2. c4 e6 3. Nc3 Bb4 4. Qc2 c5 5. dxc5 Bxc5 6. e3 b6 7. Nf3 Bb7 8. Be2 Nc6 9. a3 a5 10. 0-0 0-0 11. b3 Qc7 12. Nb5 Qb8 13. Bb2 Be7 14. Rad1 Rd8 15. Bxf6 gxf6 16. Rd2 Na7 17. Nxa7 Rxa7 18. Qb2 d5 19. Nd4 Ba8 20. Nb5 Rad7 21. Rfd1 Bc6 22. Nd4 Bb7 23. b4 Qa8 24. cxd5 Bxd5 25. Bf1 axb4 26. axb4 Ra7 27. b5 Rc8 28. Rc2 Rxc2 29. Qxc2 Bc5 30. Nb3 Ra2 31. Qb1 Be7 32. Nd4 Qa4 33. e4 Bxe4 34. Qxe4 Qxd1 35. Qe3 Qg4 36. h3 Qg5 37. Qb3 Qd2 38. Qg3+ Qg5 39. Qb3 Ra1 40. Nc2 Rc1 41. Ne3 Bc5 42. Qd3 Kg7 43. Qd2 Ra1 44. Qb2 Ra4 45. Qe2 Re4 46. Qd3 Qf4 47. Ng4 h5 48. g3 Qf5 49. Ne3 Bxe3 0-1

[Event "Mecklenburg VP VL 1516"]
[Site "Mecklenburg VP"]
[Date "2016.02.21"]
[Round "6.3"]
[White "Schumacher, Dirk"]
[Black "Wandel, Bernd"]
[Result "1/2-1/2"]
[WhiteElo "1958"]
[BlackElo "2023"]
[PlyCount "71"]
[EventDate "2015.09.20"]
[EventType "team-tourn"]
[EventRounds "9"]
[EventCountry "GER"]
[SourceTitle "EXT 2022"]
[Source "ChessBase"]
[SourceDate "2021.10.06"]
[SourceVersion "1"]
[SourceVersionDate "2021.10.06"]
[SourceQuality "1"]
[WhiteTeam "Warnemuende SF Ostsee"]
[BlackTeam "Schwerin SF III"]
[WhiteTeamCountry "GER"]
[BlackTeamCountry "GER"]

1. e4 c6 2. c4 d5 3. exd5 cxd5 4. cxd5 Nf6 5. Qa4+ Bd7 6. Qb3 Qb6 7. Qxb6 axb6 8. Nc3 Na6 9. Bxa6 bxa6 10. d4 b5 11. a3 Bf5 12. Be3 Rd8 13. Rc1 Nxd5 14. Nxd5 Rxd5 15. Nf3 g6 16. Ke2 Bg7 17. Rc7 Bf6 18. Rhc1 0-0 19. Ra7 Rd6 20. Ne5 Be4 21. Nd7 Re8 22. Nxf6+ exf6 23. Rcc7 Bd5 24. Kd3 g5 25. Kc3 Ree6 26. Kb4 Rc6 27. g3 Rxc7 28. Rxc7 Bc4 29. Kc5 Kf8 30. Rc6 Ke7 31. Rxe6+ fxe6 32. Kb6 b4 33. Bd2 bxa3 34. Bb4+ Kd7 35. Bxa3 g4 36. Kc5 1/2-1/2

[Event "Oberliga Nord N 1415"]
[Site "Germany"]
[Date "2015.04.12"]
[Round "9.6"]
[White "Wandel, Bernd"]
[Black "Perez de Miguel, Alvaro"]
[Result "0-1"]
[WhiteElo "2089"]
[BlackElo "2182"]
[PlyCount "61"]
[EventDate "2014.09.21"]
[EventType "team-tourn"]
[EventRounds "9"]
[EventCountry "GER"]
[SourceTitle "EXT 2016"]
[Source "ChessBase"]
[SourceDate "2015.10.08"]
[SourceVersion "1"]
[SourceVersionDate "2015.10.08"]
[SourceQuality "1"]
[WhiteTeam "Schwerin II"]
[BlackTeam "Hamburg St Pauli"]
[WhiteTeamCountry "GER"]
[BlackTeamCountry "GER"]

1. d4 d5 2. c4 e6 3. Nc3 Nf6 4. Nf3 dxc4 5. e3 a6 6. a4 c5 7. Bxc4 Nc6 8. 0-0 Be7 9. Qe2 cxd4 10. Rd1 0-0 11. exd4 Nb4 12. Bg5 Re8 13. Ne5 Nfd5 14. Bxe7 Qxe7 15. Rac1 b6 16. Bd3 Bb7 17. Be4 Nf6 18. Bxb7 Qxb7 19. Qc4 Qe7 20. Qe2 Qb7 21. f3 Rac8 22. Ne4 Nxe4 23. fxe4 Red8 24. Rc3 Na2 25. Rg3 f6 26. Ng4 Kh8 27. Qf3 Qe7 28. h4 Nb4 29. h5 Rf8 30. h6 f5 31. Ne3 0-1

[Event "Mecklenburg VP VL 1314"]
[Site "Mecklenburg VP"]
[Date "2013.11.24"]
[Round "3.5"]
[White "Wolke, Heiko"]
[Black "Wandel, Bernd"]
[Result "1-0"]
[WhiteElo "1910"]
[BlackElo "2073"]
[PlyCount "61"]
[EventDate "2013.10.20"]
[EventType "team-tourn"]
[EventRounds "9"]
[EventCountry "GER"]
[SourceTitle "EXT 2022"]
[Source "ChessBase"]
[SourceDate "2021.10.06"]
[SourceVersion "1"]
[SourceVersionDate "2021.10.06"]
[SourceQuality "1"]
[WhiteTeam "Warnemuende SF Ostsee"]
[BlackTeam "Schwerin SF II"]
[WhiteTeamCountry "GER"]
[BlackTeamCountry "GER"]

1. e4 c6 2. d4 d5 3. exd5 cxd5 4. Bd3 Nc6 5. c3 Nf6 6. Nf3 Bg4 7. 0-0 e6 8. Bf4 Bd6 9. Bxd6 Qxd6 10. Nbd2 0-0 11. Qb3 a6 12. a4 Rfc8 13. Rfe1 Rab8 14. Ne5 Bf5 15. Bxf5 exf5 16. Nxc6 bxc6 17. Qc2 g6 18. Re2 a5 19. Rae1 Rc7 20. Nb3 Ng4 21. g3 f4 22. Re8+ Rxe8 23. Rxe8+ Kg7 24. Qe2 h5 25. Kg2 Nf6 26. Qe5 Qd7 27. Nc5 f3+ 28. Kxf3 Qg4+ 29. Kg2 Ra7 30. f3 Qf5 31. Qxf5 1-0

[Event "Oberliga Nord N 0506"]
[Site "Germany"]
[Date "2006.01.15"]
[Round "5.6"]
[White "Jochens, Arne"]
[Black "Wandel, Bernd"]
[Result "0-1"]
[WhiteElo "2209"]
[BlackElo "2151"]
[PlyCount "64"]
[EventDate "2005.10.23"]
[EventType "team-tourn"]
[EventRounds "9"]
[EventCountry "GER"]
[SourceTitle "EXT 2007"]
[Source "ChessBase"]
[SourceDate "2006.11.23"]
[SourceVersion "1"]
[SourceVersionDate "2006.11.23"]
[SourceQuality "1"]
[WhiteTeam "Kiel Meerbauer"]
[BlackTeam "Schwerin"]
[WhiteTeamCountry "GER"]
[BlackTeamCountry "GER"]

1. c4 Nf6 2. g3 g6 3. Bg2 Bg7 4. Nc3 0-0 5. d3 Nc6 6. e4 d6 7. Nge2 e5 8. 0-0 Bg4 9. h3 Be6 10. Nd5 Nd7 11. Be3 a5 12. Qd2 Nc5 13. f4 Nd4 14. f5 gxf5 15. Bxd4 exd4 16. exf5 Bxd5 17. Bxd5 c6 18. Bg2 Qf6 19. g4 Bh6 20. Qc2 Rfe8 21. Rf3 Re7 22. Ng3 Rae8 23. Raf1 Re3 24. Rxe3 Rxe3 25. Ne4 Nxe4 26. Bxe4 Rxh3 27. Rf3 Be3+ 28. Kg2 Rh4 29. Rg3 Qh6 30. Qb3 Rh1 31. g5 Rg1+ 32. Kf3 Qh5+ 0-1

[Event "Oberliga Nord N 0506"]
[Site "Germany"]
[Date "2005.11.27"]
[Round "3.7"]
[White "Petersen, Wolfgang"]
[Black "Wandel, Bernd"]
[Result "1-0"]
[WhiteElo "2101"]
[BlackElo "2151"]
[PlyCount "83"]
[EventDate "2005.10.23"]
[EventType "team-tourn"]
[EventRounds "9"]
[EventCountry "GER"]
[SourceTitle "EXT 2007"]
[Source "ChessBase"]
[SourceDate "2006.11.23"]
[SourceVersion "1"]
[SourceVersionDate "2006.11.23"]
[SourceQuality "1"]
[WhiteTeam "Neumuenster"]
[BlackTeam "Schwerin"]
[WhiteTeamCountry "GER"]
[BlackTeamCountry "GER"]

1. Nf3 Nf6 2. d4 g6 3. h3 Bg7 4. Bf4 d6 5. e3 0-0 6. Bd3 b6 7. Nbd2 Bb7 8. 0-0 Nbd7 9. e4 Nh5 10. Bg5 Bf6 11. Bxf6 exf6 12. Re1 Re8 13. c3 Nf8 14. Qb3 Qd7 15. d5 a6 16. Nd4 Nf4 17. Bf1 g5 18. c4 N8g6 19. Nf5 Ne5 20. g3 Nh5 21. Qe3 Kh8 22. Kh2 Ng7 23. Nxg7 Kxg7 24. f4 gxf4 25. gxf4 Ng6 26. Nf3 Qe7 27. Nd4 Bc8 28. Qg3 Kh8 29. Nc6 Qf8 30. e5 fxe5 31. fxe5 dxe5 32. Nxe5 Rxe5 33. Rxe5 Nxe5 34. Qxe5+ Qg7 35. Qe8+ Qg8 36. Qc6 Bf5 37. Bg2 Qd8 38. Rf1 Bg6 39. d6 Rc8 40. d7 Rb8 41. Re1 f6 42. Re8+ 1-0

[Event "Mecklenburg VP LL 0405"]
[Site "Mecklenburg VP"]
[Date "2005.04.24"]
[Round "9.6"]
[White "Voigt, Michael"]
[Black "Wandel, Bernd"]
[Result "0-1"]
[WhiteElo "1599"]
[BlackElo "2052"]
[PlyCount "42"]
[EventDate "2004.10.24"]
[EventType "team"]
[EventRounds "9"]
[EventCountry "GER"]
[SourceTitle "EXT 2009"]
[Source "ChessBase"]
[SourceDate "2008.11.26"]
[SourceVersion "1"]
[SourceVersionDate "2008.11.26"]
[SourceQuality "1"]
[WhiteTeam "Torgelow Greif"]
[BlackTeam "Schwerin"]
[WhiteTeamCountry "GER"]
[BlackTeamCountry "GER"]

1. c4 Nf6 2. Qa4 g6 3. g3 Bg7 4. Bg2 0-0 5. Nc3 d6 6. e4 Nc6 7. Nge2 Ne5 8. 0-0 Nd3 9. Qc2 Nxc1 10. Raxc1 e5 11. b4 Be6 12. d3 c6 13. Rfd1 Nh5 14. Rb1 f5 15. b5 f4 16. bxc6 bxc6 17. Rb7 f3 18. Rdb1 fxg2 19. Qa4 Qf6 20. Nd1 Qf3 21. Qc2 Nf6 0-1

[Event "Mecklenburg VP LL 0405"]
[Site "Mecklenburg VP"]
[Date "2005.02.13"]
[Round "6.5"]
[White "Brack, Peter"]
[Black "Wandel, Bernd"]
[Result "1/2-1/2"]
[WhiteElo "1918"]
[BlackElo "2052"]
[PlyCount "160"]
[EventDate "2004.10.24"]
[EventType "team"]
[EventRounds "9"]
[EventCountry "GER"]
[SourceTitle "EXT 2009"]
[Source "ChessBase"]
[SourceDate "2008.11.26"]
[SourceVersion "1"]
[SourceVersionDate "2008.11.26"]
[SourceQuality "1"]
[WhiteTeam "Rostock II"]
[BlackTeam "Schwerin"]
[WhiteTeamCountry "GER"]
[BlackTeamCountry "GER"]

1. Nf3 Nf6 2. d4 g6 3. Bf4 Bg7 4. Nbd2 0-0 5. h3 d5 6. e3 Nbd7 7. Be2 c5 8. c3 b6 9. 0-0 Bb7 10. Qa4 a6 11. Ne5 Nxe5 12. Bxe5 Nd7 13. Bxg7 Kxg7 14. Nf3 Qc7 15. Qb3 Rae8 16. Rac1 e5 17. dxe5 Nxe5 18. Rcd1 Nd7 19. Rfe1 Nf6 20. Nd2 Re6 21. Bf3 Rfe8 22. Nf1 Rd8 23. Qc2 h5 24. Ng3 Red6 25. Ne2 Ne4 26. Nf4 Ng5 27. Be2 Qe7 28. a3 Ne6 29. Nd3 Qf6 30. Rf1 Ng5 31. Ne1 Qe7 32. Nf3 d4 33. cxd4 Bxf3 34. Bxf3 Nxf3+ 35. gxf3 cxd4 36. e4 Qg5+ 37. Kh1 Qh4 38. Kg2 Qg5+ 39. Kh1 d3 40. Qd2 Qh4 41. Kg2 Qf6 42. f4 Qd4 43. Kf3 Rc6 44. Rc1 Rdc8 45. Rxc6 Rxc6 46. Rd1 Qd7 47. Kg3 Rd6 48. Qc3+ Kh7 49. Rd2 Rd4 50. f3 Qd6 51. h4 b5 52. b4 f6 53. Qc5 Qd7 54. Qc3 Kh6 55. Qb3 Kg7 56. Qc3 Kh7 57. Qb2 Qd6 58. Qb3 Kg7 59. Qc3 Kh7 60. Qc5 Qd7 61. Qc3 Qd8 62. Qb3 Qd6 63. Qf7+ Kh6 64. Qg8 Qd8 65. Qxd8 Rxd8 66. Kf2 Rc8 67. Rxd3 Rc2+ 68. Kg3 Ra2 69. e5 Kg7 70. e6 f5 71. Re3 Kf8 72. e7+ Ke8 73. Kh3 Rf2 74. Kg3 Ra2 75. Kh3 Rf2 76. a4 bxa4 77. Ra3 Kxe7 78. Kg3 Rb2 79. Rxa4 Kf7 80. Rxa6 Rxb4 1/2-1/2